000 00331nam a2200145Ia 4500
008 230718s9999 xx 000 0 und d
041 _aEng.
082 _a34.07
_bCUN-S
100 _aCunneen Robest
245 0 _aSewrce some book
260 _aPakistan
_bOxford uriny pre
_c2001
300 _a245
650 _aLaw
999 _c26744
_d26744